Protección social en la Argentina (Registro nro. 4033)
[ vista simple ]
| 000 -LEADER | |
|---|---|
| fixed length control field | 01268 a2200289 4500 |
| 001 - CONTROL NUMBER | |
| control field | 45862 |
| 005 - DATE AND TIME OF LATEST TRANSACTION | |
| control field | 20260407155730.0 |
| 008 - FIXED-LENGTH DATA ELEMENTS--GENERAL INFORMATION | |
| fixed length control field | 260407a2005 arg spa d |
| 003 - CONTROL NUMBER IDENTIFIER | |
| control field | AR-UNSa-BCEJYS |
| 040 ## - CATALOGING SOURCE | |
| Original cataloging agency | AR-UNSa-BCEJYS |
| Language of cataloging | spa |
| Transcribing agency | AR-UNSa-BCEJYS |
| 080 ## - UNIVERSAL DECIMAL CLASSIFICATION NUMBER | |
| Universal Decimal Classification number | 369 |
| Common auxiliary subdivision | Seguridad social |
| 020 ## - INTERNATIONAL STANDARD BOOK NUMBER | |
| International Standard Book Number | 978-92-2-318391-2 |
| 041 ## - LANGUAGE CODE | |
| Language code of text/sound track or separate title | spa |
| 100 1# - MAIN ENTRY--PERSONAL NAME | |
| Personal name | Bonari, Damián |
| 245 10 - TITLE STATEMENT | |
| Title | Protección social en la Argentina |
| Name of part/section of a work | Financiamiento, cobertura y desempeño 1990-2003 |
| 264 #1 - PRODUCTION, PUBLICATION, DISTRIBUTION, MANUFACTURE, AND COPYRIGHT NOTICE | |
| Place of production, publication, distribution, manufacture | Santiago : |
| Name of producer, publisher, distributor, manufacturer | Organización Internacional de Trabajo |
| Date of production, publication, distribution, manufacture, or copyright notice | 2005 |
| 300 ## - PHYSICAL DESCRIPTION | |
| Extent | 371 p. |
| Dimensions | 22 cm. |
| 505 ## - FORMATTED CONTENTS NOTE | |
| Formatted contents note | 1. Introducción - 2. Protección social: concepto, alcance y desempeño - 3. Contexto demográfico, económico, laboral e institucional - 4. Gasto público en protección social - 5. Financiamiento de la protección social - 6. Área de protección social - 7. Participación non estatal en la protección social - 8. Consideraciones finales. |
| 590 ## - LOCAL NOTE (RLIN) | |
| Local note | niveau_biblio:m niveau_hierar:0 |
| 700 1# - ADDED ENTRY--PERSONAL NAME | |
| Personal name | Bertranou, Fabio M. |
| 700 1# - ADDED ENTRY--PERSONAL NAME | |
| Personal name | Bertranou, Evelina |
| 700 1# - ADDED ENTRY--PERSONAL NAME | |
| Personal name | Colombo, Caterina |
| 700 1# - ADDED ENTRY--PERSONAL NAME | |
| Personal name | Harriague, Marcela |
| 700 1# - ADDED ENTRY--PERSONAL NAME | |
| Personal name | Low, Ighal |
| 856 41 - ELECTRONIC LOCATION AND ACCESS | |
| Uniform Resource Identifier | <a href="https://www.biblioeco.unsa.edu.ar/pmb/images/libros/L127204.jpg">https://www.biblioeco.unsa.edu.ar/pmb/images/libros/L127204.jpg</a> |
| Link text | Imagen de portada |
| Electronic format type | image/jpeg |
| 942 ## - ADDED ENTRY ELEMENTS (KOHA) | |
| Koha item type | |
| Withdrawn status | Lost status | Damaged status | Not for loan | Home library | Current library | Shelving location | Date acquired | Total checkouts | Full call number | Barcode | Date last seen | Price effective from | Koha item type |
|---|---|---|---|---|---|---|---|---|---|---|---|---|---|
| Biblioteca Prof. Eusebio Cleto del Rey | Biblioteca Prof. Eusebio Cleto del Rey | 07/04/2026 | 369 B548 | L127204 | 07/04/2026 | 07/04/2026 | Libro |